000 00751nam a22001577a 4500
003 OSt
005 20150916091848.0
008 150916b xxu||||| |||| 00| 0 eng d
040 _cRUA
082 _aAGR MEA 2003 B028 Or.1
100 _9558
_aMEACH, CENTMILL.
245 _aStudy on integrated farming system of church world service (CWS) in svay rieng province ការសិក្សាអំពីប្រព័ន្ធកសិកម្មចំរុះរបស់អង្គការគ្រឹសសាសនាបំរើពិភពលោក(ស៊ីដាប់វ៉ាយូអេស) នៅក្នុងខេត្ដស្វាយរៀង
260 _aPhnom Penh
_bRUA
_c2003
300 _a54p.
_bill.
_c29cm.
942 _2ddc
_cAGR
999 _c536
_d536